MDQL
is popping MORE tags! Check the
thread
!
Quizzes
Events
Quiz Creation
Community
Videos
Private Events
Remove Ads
Sign In
Join for FREE
Feedback
Dark Mode
Quiz Categories
Sports
Geography
Music
Movies
Television
Just For Fun
Miscellaneous
History
Literature
Language
Science
Gaming
Entertainment
Religion
Holiday
For Kids
Quiz Lab
Recent
Popular Today
Quiz Kudos Today
Editor Picks
Curator Picks
Quizzes by...
Day
Popularity
Type
Ratings
Length
Year
Community
Subscriptions
Recent Discussions
Orange Saloon
Badges
Playlists
Quests
Create
Leaderboards
Showdown
Live 5
Trivia Bingo
Activity
Puzzle Library
Sporcle Events
Private Events
Virtual Trivia
Globe League
Become a Host
Pub Owners
SporcleCon
Opinionation
Our Games
Videos
Blog
Mobile Apps
Partnerships
Remove Ads and Go Orange
Feedback
Miscellaneous
Crossword
General Knowledge
Baby Names
Logo
Food
Cars
Numbers
Grab Bag
University
College
Popular
Company
Slogans
Restaurants
Justice
Letter
Miscellaneous
Crossword
General Knowledge
Baby Names
Logo
Food
Cars
Numbers
Grab Bag
University
College
Popular
Company
Slogans
Restaurants
Justice
Letter
Random Quiz
Search Sporcle
×
Quiz Lab
Quiz Lab
Miscellaneous
brand
Type in answers that appear in a list
Type in answers that appear in a list
Classic
Best Score? Go Orange.
Vodka distilled from what? Stats
Can you name the ingredient distilled to make each type of vodka?
By
BBentz
5m
22 Questions
188 Plays
188 Plays
188 Plays
Comments
Comments
Give Quiz Kudos
Give Quiz Kudos
-
- Ratings
hide this ad
Forced Order
Answers have to be entered in order
Answers have to be entered in order
Replay
Link that replays current quiz
Next Quiz
Link to next quiz in quiz playlist
You Got
0%
They Got
Avg Score
37%
Avg Friend Score
Upgrade to see
Score Distribution
Jump to the score distribution portion of the page
Score
0/22
Timer
05:00
0
Plays Today
Brand
Liquor Distilled from:
% Correct
Absolut (Sweden)
Winter Wheat
79.3%
Chopin (Poland)
Stobrawa Potatoes
72.3%
Stolichnaya (Russia)
Winter Wheat
66.5%
Grey Goose (France)
French Wheat from Bauce Region
63.3%
Svedka (Sweden)
Wheat
51.1%
Ketel One (Netherlands)
Wheat
48.4%
SKYY (USA)
American Midwest Wheat with Cocoa
48.4%
Ciroc (France)
French Grapes
44.1%
Three Olives (England)
English Wheat
39.9%
TRU Organic (USA)
Organic American Wheat
38.3%
Hangar One (USA)
Viognier Grapes and Wheat
37.8%
Brand
Liquor Distilled from:
% Correct
Effen (Holland)
Holland Wheat
36.7%
42 Below (New Zealand)
Wheat
30.9%
Belvedere (Poland)
Dańkowskie Złote Rye
28.2%
Krol (Poland)
Polish Rye
25.5%
44 Degrees North (USA)
Potatoes
25%
Tito's (USA)
Yellow Corn
23.9%
Rain (USA)
Yeast and Organic Corn
20.7%
Finlandia (Finland)
Barley
19.1%
Ceren Vodka (El Salvador)
Sugar Cane
9.6%
3 Vodka (USA)
Soy
5.9%
Vermont White (USA)
Milk Sugar
2.7%
Quiz Playlist
Details
Report
Send in Message
Add To Playlist
Classic:
Type in answers that appear in a list
Forced Order:
Answers have to be entered in order
Last Updated: Feb 16, 2017
Quiz Scoreboard
CHALLENGE
Sign Up to Join the Scoreboard
Show All
Scores
Hide
Comments
May contain spoilers
Recently Published
Colored Red Africa Blitz
by spor1
Geography
30s
Find the 'City' Movie
by crazypaving
Movies
60s
5x2 Blitz: Bands
by SL_Kpop136
Music
30s
More to Explore
Quiz From the Vault
Featured Blog Post
14 Easter Pick-up Lines to Find Eggs With
hide this ad
You Might Also Like...
Tags
brand
Ingredients
Liquor
Vodka
Today's Top Quizzes in Miscellaneous
Browse Miscellaneous
hide this ad
Today's Top Quizzes in brand
Browse brand
Top Contributed Quizzes in Miscellaneous
1
5-to-1: Fast Food
2
9x9 Crossword: Disney Movie Titles
3
9x9 Crossword: Charlie and the Chocolate Factory
4
The JOE quick-fire general knowledge quiz: Day 174
5
9x9 Crossword: Nickelodeon
6
9x9 Crossword: Flags
7
9x9 Crossword: Pixar Movie Titles
8
9x9 Crossword: 2022 Movies
9
9x9 Crossword: Halloween
10
9x9 Crossword: Actors
Explore More
Trending Topics
Disney
Harry Potter
Anime
Kpop
Crossword
NBA
Marvel
Pokémon
Song
Puzzle
NFL
WWE
Soccer
Country
The Office
hide this ad
More By:
BBentz
Quiz
Plays
Rating
Category
Featured
Created
Vodka distilled from what?
188
3.00
Miscellaneous
Jul 17, 2010
Go to Creator's Profile
Score Distribution
Quiz Creator Spotlight
BBentz
Follow
Send a Message
Quizzes Created
-
Created Quiz Play Count
-
More By This Creator
Popular Quizzes Today
1
Find the 'City' Movie
2
5x2 Blitz: Bands
3
Colored Red Africa Blitz
4
Find the US States - No Outlines Minefield
5
The Countries of the World
6
Find the US States
7
9x9 Crossword: Cartoon Network
8
US States
More Miscellaneous Quizzes
My 2022 Christmas Meal
Curator's Pick
Trending Quizzes
Colored Red Europe Blitz I
Colored Red Africa Blitz II
Colored Red Africa Blitz III
Colored Red Europe Blitz III
Colored Red Europe Blitz II
Recently Updated
Champions League XIs: Real Madrid
pecheneg
Largest US Cities 1790-2010
pecheneg
Rides in Walt Disney World
pecheneg
Most Oscar Losses (Acting)
pecheneg
Beyoncé Albums
pecheneg
Leaping Animals
pecheneg
Reality TV Shows (A-Z)
bhenderson79
Rickey Henderson's Hall of Fame Teammates
pecheneg
Champions League XIs: Arsenal
pecheneg
Quick Pick: Celebrities in WWE's Hall of Fame
aduchscher
Trending Topics
Anime
Disney
Crossword
Kpop
Harry Potter
Marvel
NBA
NFL
The Office
Soccer
Country
Puzzle
Pokémon
WWE
Song
Your Account Isn't Verified!
In order to create a playlist on Sporcle, you need to verify the email address you used during registration. Go to your
Sporcle Settings
to finish the process.
Report this User
Report this user for behavior that violates our
Community Guidelines
.
Details:
Send Report
Go to the Sporcle.com Mobile Site →
Comments